| 000 | 00607nam a22001697a 4500 | ||
|---|---|---|---|
| 005 | 20111220102852.0 | ||
| 020 |
_a9788189020316 _c80.00 |
||
| 037 | _bPUB | ||
| 245 |
_aU sie'r lapalang a khasi / _cretold by Kynpham Sing Nongkynrih; art by Maya Ramaswamy |
||
| 260 |
_aNew Delhi _bKatha _c2005 |
||
| 270 |
_aA3 Sarvodaya Enclave, Sri Aurobindo Marg, _bNew Delhi _e110017 |
||
| 300 |
_aunpaged _bill. _c22cm(pbk) |
||
| 700 |
_aKynpham Sing Nongkynrih _937218 |
||
| 700 |
_a Ramaswamy, Maya _937219 |
||
| 942 |
_2ddc _cCH _mUSI |
||
| 999 |
_c59674 _d59674 |
||